| 000 | 00415nam a22001457a 4500 | ||
|---|---|---|---|
| 003 | OSt | ||
| 008 | 250731b |||||||| |||| 00| 0 eng d | ||
| 082 |
_a631.3082 _bY12U |
||
| 100 | _aSangeeta Yadav | ||
| 245 | _a"Utilization of jand Tools Operated Farm Implemants by the Farm Women of Samastipur District"(Bihar) | ||
| 260 |
_aRPCAU, Pusa _bHSECM _c2024 |
||
| 300 | _a88 | ||
| 502 | _bM.Sc.(HSECM) | ||
| 942 |
_2ddc _cT |
||
| 999 |
_c48642 _d48642 |
||